10 Biggest Cities in Each Brazilian State - Statistics

General Stats
  • This quiz has been taken 36 times
  • The average score is 80 of 261
Answers on the Map
Answers color-coded by a green-red scale on the quiz's map according to % correct below.
 
Answer Stats
State Population Answer % Correct
Rio de Janeiro 6,211,164 Rio de Janeiro
100%
São Paulo 11,434,786 São Paulo
93%
Pará 1,296,633 Belém
86%
Distrito Federal 2,877,690 Brasília
86%
Minas Gerais 2,315,560 Belo Horizonte
83%
Paraná 1,773,718 Curitiba
83%
Amazonas 2,043,677 Manaus
83%
Rio Grande do Sul 1,330,428 Porto Alegre
83%
Bahia 2,417,678 Salvador
83%
São Paulo 1,132,934 Campinas
79%
Santa Catarina 534,827 Florianópolis
79%
Ceará 2,428,708 Fortaleza
79%
Goiás 1,435,186 Goiânia
79%
Pernambuco 1,488,920 Recife
79%
Piauí 55,966 Floriano
76%
Rio Grande do Norte 751,300 Natal
76%
Rondônia 393,950 Porto Velho
76%
Acre 341,025 Rio Branco
76%
Espírito Santo 322,869 Vitória
76%
Mato Grosso 635,828 Cuiabá
72%
São Paulo 1,291,152 Guarulhos
72%
Santa Catarina 597,288 Joinville
72%
Maranhão 1,029,939 São Luís
72%
Santa Catarina 351,597 Blumenau
69%
Roraima 402,169 Boa Vista
69%
Rio de Janeiro 806,209 Duque de Caxias
69%
Amapá 416,423 Macapá
69%
Minas Gerais 701,730 Uberlândia
69%
Mato Grosso do Sul 884,168 Campo Grande
66%
Maranhão 121,275 Caxias
66%
Rio Grande do Sul 443,287 Caxias do Sul
66%
Paraná 532,324 Londrina
66%
Piauí 821,364 Teresina
66%
Paraíba 833,387 João Pessoa
62%
São Paulo 696,033 Ribeirão Preto
62%
Rio Grande do Sul 260,977 Santa Maria
62%
Santa Catarina 269,449 São José
62%
Goiás 388,195 Anápolis
59%
Sergipe 602,743 Aracaju
59%
Santa Catarina 241,738 Chapecó
59%
Rio de Janeiro 481,749 Niterói
59%
Tocantins 291,175 Palmas
59%
Pará 255,578 Santarém
59%
Santa Catarina 209,482 Criciúma
55%
Paraná 283,803 Foz do Iguaçu
55%
Minas Gerais 531,608 Juiz de Fora
55%
Alagoas 957,593 Maceió
55%
Rio Grande do Sul 305,656 Pelotas
55%
Paraná 348,783 Ponta Grossa
55%
Mato Grosso 236,064 Rondonópolis
55%
São Paulo 806,963 São Bernardo do Campo
55%
Minas Gerais 330,362 Uberaba
55%
Minas Gerais 409,949 Betim
52%
Paraíba 400,303 Campina Grande
52%
Santa Catarina 255,583 Itajaí
52%
Paraná 397,350 Maringá
52%
Rio Grande do Sul 222,122 Novo Hamburgo
52%
Pernambuco 349,976 Olinda
52%
São Paulo 728,606 Osasco
52%
Pernambuco 347,192 Petrolina
52%
Rio de Janeiro 896,488 São Gonçalo
52%
Espírito Santo 458,164 Vila Velha
52%
Rio de Janeiro 483,087 Belford Roxo
48%
Rio de Janeiro 421,919 Campos dos Goytacazes
48%
Paraná 330,482 Cascavel
48%
Acre 68,215 Cruzeiro do Sul
48%
Bahia 185,413 Juazeiro
48%
Pará 239,719 Marabá
48%
Minas Gerais 391,608 Montes Claros
48%
Rio de Janeiro 270,361 Petrópolis
48%
São Paulo 746,358 Santo André
48%
São Paulo 476,448 São José do Rio Preto
48%
Espírito Santo 518,261 Serra
48%
São Paulo 718,444 Sorocaba
48%
Bahia 325,239 Vitória da Conquista
48%
Rio Grande do Sul 347,657 Canoas
45%
Mato Grosso do Sul 88,245 Corumbá
45%
Mato Grosso do Sul 219,963 Dourados
45%
Bahia 572,971 Feira de Santana
45%
Minas Gerais 241,135 Governador Valadares
45%
Rio Grande do Norte 245,330 Mossoró
45%
Rio de Janeiro 782,611 Nova Iguaçu
45%
Bahia 145,179 Porto Seguro
45%
São Paulo 686,775 São José dos Campos
45%
Rio Grande do Sul 216,240 São Leopoldo
45%
Mato Grosso 296,557 Várzea Grande
45%
Rio Grande do Sul 254,651 Gravataí
41%
Bahia 158,442 Ilhéus
41%
Maranhão 262,000 Imperatriz
41%
Mato Grosso 190,451 Sinop
41%
Ceará 155,931 Sobral
41%
Goiás 527,178 Aparecida de Goiânia
38%
Alagoas 216,413 Arapiraca
38%
Minas Gerais 621,016 Contagem
38%
Minas Gerais 227,128 Ipatinga
38%
Rondônia 111,566 Ji-Paraná
38%
Ceará 276,678 Juazeiro do Norte
38%
Santa Catarina 161,004 Lages
38%
Amazonas 72,165 Parintins
38%
Rio Grande do Sul 201,545 Passo Fundo
38%
Goiás 209,802 Rio Verde
38%
Rio de Janeiro 440,962 São João de Meriti
38%
Paraná 309,323 São José dos Pinhais
38%
Rio de Janeiro 260,931 Volta Redonda
38%
Pará 477,298 Ananindeua
34%
Pernambuco 336,114 Caruaru
34%
Amapá 17,905 Oiapoque
34%
Amapá 98,759 Santana
34%
Rondônia 90,305 Vilhena
34%
Espírito Santo 349,420 Cariacica
31%
Espírito Santo 118,061 Guarapari
31%
Bahia 183,648 Itabuna
31%
Pernambuco 639,384 Jaboatão dos Guararapes
31%
Goiás 201,126 Luziânia
31%
Paraíba 98,960 Patos
31%
Rio Grande do Sul 211,187 Viamão
31%
Bahia 293,928 Camaçari
28%
Pernambuco 123,146 Garanhuns
28%
Santa Catarina 171,556 Jaraguá do Sul
28%
Espírito Santo 130,971 Linhares
28%
Santa Catarina 219,912 Palhoça
28%
Piauí 154,662 Parnaíba
28%
Pernambuco 341,986 Paulista
28%
Mato Grosso do Sul 76,151 Ponta Porã
28%
Minas Gerais 326,792 Ribeirão das Neves
28%
Mato Grosso do Sul 126,840 Três Lagoas
28%
Tocantins 166,572 Araguaína
24%
Paraná 158,026 Guarapuava
24%
Ceará 230,955 Maracanaú
24%
Espírito Santo 95,563 São Mateus
24%
Amazonas 59,584 Tefé
24%
Paraíba 82,350 Bayeux
21%
Ceará 312,190 Caucaia
21%
Paraná 221,242 Colombo
21%
Sergipe 75,444 Lagarto
21%
Bahia 203,279 Lauro de Freitas
21%
Rio Grande do Norte 252,716 Parnamirim
21%
Piauí 66,061 Picos
21%
Mato Grosso 103,010 Sorriso
21%
Rondônia 83,952 Ariquemes
17%
Pernambuco 188,233 Cabo de Santo Agostinho
17%
Mato Grosso 76,657 Cáceres
17%
Goiás 106,426 Catalão
17%
Ceará 102,562 Crato
17%
Amazonas 39,653 Humaitá
17%
Amazonas 64,987 Itacoatiara
17%
Bahia 144,774 Jequié
17%
Mato Grosso 80,249 Lucas do Rio Verde
17%
Sergipe 188,961 Nossa Senhora do Socorro
17%
Pará 96,150 Paragominas
17%
Pará 258,225 Parauapebas
17%
Tocantins 43,564 Porto Nacional
17%
Roraima 24,295 Rorainópolis
17%
Paraíba 131,472 Santa Rita
17%
Paraíba 53,437 Sousa
17%
Amazonas 55,680 Tabatinga
17%
Tocantins 17,483 Tocantinópolis
17%
Goiás 139,492 Trindade
17%
Goiás 198,861 Valparaíso de Goiás
17%
Piauí 34,201 Altos
14%
Maranhão 89,502 Balsas
14%
Espírito Santo 170,662 Cachoeiro de Itapemirim
14%
Maranhão 83,132 Codó
14%
Espírito Santo 105,197 Colatina
14%
Alagoas 42,706 Coruripe
14%
Paraná 146,644 Fazenda Rio Grande
14%
Acre 18,113 Feijó
14%
Sergipe 86,535 Itabaiana
14%
Amapá 32,285 Laranjal do Jari
14%
Mato Grosso do Sul 47,442 Naviraí
14%
Alagoas 51,266 Palmeira dos Índios
14%
Mato Grosso 81,543 Primavera do Leste
14%
Sergipe 84,379 São Cristóvão
14%
Maranhão 240,840 São José de Ribamar
14%
Goiás 154,556 Senador Canedo
14%
Acre 26,943 Sena Madureira
14%
Mato Grosso 95,842 Tangará da Serra
14%
Acre 24,414 Tarauacá
14%
Pernambuco 115,813 Vitória de Santo Antão
14%
Maranhão 94,580 Açailândia
10%
Goiás 225,174 Águas Lindas de Goiás
10%
Espírito Santo 71,756 Aracruz
10%
Mato Grosso 61,164 Barra do Garças
10%
Acre 16,744 Brasiléia
10%
Paraíba 66,517 Cabedelo
10%
Pernambuco 147,771 Camaragibe
10%
Pará 177,867 Castanhal
10%
Sergipe 24,130 Itabaianinha
10%
Amazonas 66,353 Manacapuru
10%
Ceará 69,871 Maranguape
10%
Alagoas 47,134 Penedo
10%
Alagoas 91,991 Rio Largo
10%
Rio Grande do Norte 105,817 São Gonçalo do Amarante
10%
Acre 13,355 Senador Guiomard
10%
Maranhão 155,429 Timon
10%
Alagoas 47,340 União dos Palmares
10%
Rio Grande do Norte 42,831 Açu
7%
Maranhão 83,031 Bacabal
7%
Pará 104,487 Barcarena
7%
Sergipe 41,146 Barra dos Coqueiros
7%
Rondônia 69,690 Cacoal
7%
Amazonas 52,896 Coari
7%
Rio Grande do Norte 36,008 Currais Novos
7%
Sergipe 57,224 Estância
7%
Ceará 73,443 Eusébio
7%
Paraíba 50,202 Guarabira
7%
Tocantins 22,707 Guaraí
7%
Tocantins 83,125 Gurupi
7%
Amazonas 46,642 Iranduba
7%
Pará 99,532 Itaituba
7%
Rio Grande do Norte 63,730 Macaíba
7%
Alagoas 59,140 Marechal Deodoro
7%
Pará 111,479 Marituba
7%
Amazonas 29,110 Maués
7%
Amapá 9,523 Mazagão
7%
Sergipe 28,772 Nossa Senhora da Glória
7%
Mato Grosso do Sul 40,465 Nova Andradina
7%
Roraima 9,251 Pacaraima
7%
Maranhão 144,832 Paço do Lumiar
7%
Piauí 49,908 Piripiri
7%
Amapá 12,081 Porto Grande
7%
Piauí 26,672 São Raimundo Nonato
7%
Paraíba 37,882 Sapé
7%
Acre 10,308 Xapuri
7%
Roraima 4,763 Alto Alegre
3%
Mato Grosso do Sul 35,313 Aquidauana
3%
Roraima 5,067 Bonfim
3%
Rio Grande do Norte 57,238 Caicó
3%
Paraíba 51,410 Cajazeiras
3%
Roraima 4,628 Cantá
3%
Roraima 11,113 Caracaraí
3%
Roraima 4,945 Caroebe
3%
Rio Grande do Norte 53,402 Ceará-Mirim
3%
Tocantins 33,018 Colinas do Tocantins
3%
Tocantins 15,505 Dianópolis
3%
Rio Grande do Norte 53,920 Extremoz
3%
Ceará 70,624 Horizonte
3%
Piauí 27,349 José de Freitas
3%
Mato Grosso do Sul 39,131 Maracaju
3%
Roraima 10,121 Mucajaí
3%
Piauí 26,570 Oeiras
3%
Ceará 78,731 Pacatuba
3%
Tocantins 50,619 Paraíso do Tocantins
3%
Rondônia 47,264 Rolim de Moura
3%
Alagoas 49,880 São Miguel dos Campos
3%
Amapá 7,252 Tartarugalzinho
3%
Sergipe 35,670 Tobias Barreto
3%
Amapá 9,029 Vitória do Jari
3%
Tocantins 21,623 Araguatins
0%
Amapá 6,681 Calçoene
0%
Piauí 34,532 Campo Maior
0%
Alagoas 40,999 Delmiro Gouveia
0%
Acre 12,921 Epitaciolândia
0%
Rondônia 30,725 Guajará-Mirim
0%
Rondônia 37,839 Jaru
0%
Acre 12,727 Mâncio Lima
0%
Rondônia 26,946 Ouro Preto do Oeste
0%
Mato Grosso do Sul 36,514 Paranaíba
0%
Amapá 8,607 Pedra Branca do Amapari
0%
Rondônia 27,491 Pimenta Bueno
0%
Roraima 6,287 São João da Baliza
0%
No matching quizzes found
Score Distribution
Percent of People with Each Score
Percentile by Number Answered
Your Score History
You have not taken this quiz